Chinese Cities by Name Origin - Statistics

General Stats
  • This quiz has been taken 100 times
  • The average score is 13 of 15
Answer Stats
Literal Meaning Origin City % Correct
"Guang" County Taken from the ancient Guang Province (AD 226), means "broad" or "expansive" and refers to the intention to dispense imperial grace broadly in the region with the founding of county of Guangxin in Han Dynasty. Guangzhou
98%
Northern Capital Applied to the city in 1403 during the Ming dynasty to distinguish the two cities, after the Jingnan Campaign (1399-1402) Yongle Emperor began the preparation for relocating the imperial capital from the south to the north. Beijing
96%
Southern Capital Applied to the city in 1403 during the Ming dynasty to distinguish the two cities, after the Jingnan Campaign (1399-1402) Yongle Emperor began the preparation for relocating the imperial capital from the south to the north. Nanjing
95%
Western Peace Originally "Chang'an" meaning "Eternal Peace", the capital of several of the most important dynasties in Chinese history and the starting point of the silk road. The current name was adopted in 1369 under the early Ming dynasty. Xi'an
95%
Wu[chang] and Han[kou] In 1926, the Northern Expedition decided to merge Wuchang, Hankou and Hanyang into one city in order to make a new capital for Nationalist China. Wuchang (literally "prospering from military", regarding its logistics role of the military bases established before the Battle of Red Cliffs) was renamed in AD 221 when warlord Sun Quan moved the capital of Eastern Wu. The "Han" in Hankou (literally means "Mouth of the Han") is from its position at the confluence of the Han with the Yangtze River. Wuhan
94%
Upon-the-Sea During the Tang dynasty the city was literally on the sea. In the 11th-century Song dynasty, there was already a river confluence and a town with this name in the area. Shanghai
93%
"Su" County A contraction of the mountain and old name Gusu. The sū in its name refers to the mint perilla (shiso) Suzhou
92%
Distant or Remote (in Russian) Built by the Russian as part of Kwantung Leased Territory leased in 1898 for 25 years and called Dalniy (Дальний). After the Russo-Japanese War, it was transferred to the Japanese and renamed to Dairen (大連/だいれん) Dalian
89%
Fragrant Harbour "Fragrance" may refer to the sweet taste of the harbour's fresh water influx from the Pearl River estuary or to the incense from factories lining the coast of northern Kowloon. The name was recorded in the Treaty of Nanking (1842) between the United Kingdom and the Qing dynasty of China after the First Opium War. Hong Kong
89%
Green Island Refer to a small lush island on Jiaozhou Bay, the fortification was seized by German troop in 1897 and the area conceded to Germany who then outfitted the impoverished fishing village and built a modern city, including the establishment of the Germania Brewery in 1903, which later became the world-famous Tsingtao Brewery. Qingdao
88%
Become a Metropolis The ninth king of Shu's Kaiming dynasty (early 4th century BC) named his new capital after a statement by King Tai of Zhou that a settlement needed "one year to become a town, two to become a city, and three to become a metropolis". Chengdu
82%
Place of Drying Fishnets (in Manchu) Founded in 1898 with the coming of the Chinese Eastern Railway, which the Russian Empire had financed, the city grew from a small rural settlement and prospered as a region inhabited by an overwhelming majority of the immigrants from the Russian Empire. Harbin
73%
Doubled Celebration In 1189, the city was renamed after Prince Zhao Dun of the Southern Song dynasty described his crowning as king and then Emperor Guangzong as a "double celebration" Chongqing
70%
The Emperor's Ford Bestowed by the Yongle Emperor of the Ming, who crossed the Gu River on his way south to overthrow his nephew the Jianwen Emperor in the Jingnan Campaign (1399-1402) Tianjin
58%
Beautiful Pasture (in Oirat) The Dzungar Khanate controlled the city before it was taken by the Qing in 1755 in the Dzungar genocide. The Manchus began to construct a walled city in 1763, and the Qianlong Emperor had named the new settlement "Dihua", meaning "to enlighten". Following the founding of the People's Republic of China, the city's name was officially changed back to its Dzungar Oirat name in 1954. Ürümqi
57%
No matching quizzes found
Score Distribution
Percent of People with Each Score
Percentile by Number Answered
Your Score History
You have not taken this quiz